Cancillería para el bicentenario. La reforma pendiente: siete años después
Salvato in:
| Enti autori: | , |
|---|---|
| Natura: | Libro |
| Lingua: | spagnolo |
| Pubblicazione: |
Santiago
ADICA
2008
|
| Soggetti: | |
| Tags: |
Aggiungi Tag
Nessun Tag, puoi essere il primo ad aggiungerne!!
|
MARC
| LEADER | 00000nam a2200000 a 4500 | ||
|---|---|---|---|
| 001 | UCI7208 | ||
| 003 | CL-VaPUC | ||
| 008 | 080613e20080000CL |||||||||||||||||spa|d | ||
| 082 | 0 | 4 | |a 327.83 |b ADI |2 21 |
| 110 | 2 | |a ADICA |e author |9 530360 | |
| 710 | 2 | |a Asociación de Diplomáticos de Carrera |e author |9 530361 | |
| 245 | 1 | 0 | |a Cancillería para el bicentenario. La reforma pendiente: siete años después |
| 300 | |a 104 p | ||
| 942 | |c BK | ||
| 945 | |d 20080613 00:00:00 |a jtorresc | ||
| 260 | |a Santiago |b ADICA |c 2008 | ||
| 650 | 7 | |a DIPLOMATICOS |2 CL-VaPUC |9 268888 | |
| 650 | 0 | |a Relaciones Exteriores |9 255379 | |
| 650 | 0 | |a Política exterior |9 316628 | |
| 650 | 0 | |a Acuerdos internacionales |9 337381 | |
| 650 | 0 | |a Comercio exterior |9 257617 | |
| 650 | 7 | |a INTEGRACION MUNDIAL |2 CL-VaPUC |9 530362 | |
| 650 | 0 | |a Bicentenario |9 518566 | |
| 651 | 7 | |a CHILE |2 CL-VaPUC |9 530363 | |
| 583 | |a last modification |c 20080613 00:00:00 |k Rodrigo Vera | ||
| 999 | |c 330559 |d 330557 | ||
| 952 | |0 0 |1 0 |4 0 |6 327_830000000000000_ADI_2008 |7 0 |8 A |9 416159 |a BIBDER |b BIBDER |d 2019-11-22 |i 4448898 |o 327.83 ADI 2008 |p 4448898 |r 2023-01-25 |w 2019-11-22 |y BK |k DER | ||